00389nam a2200109 a 4500040000800000082002600008245009000034260008600124300002500210650002100235700002300256 cDLC00a317 INF 1984 C151 Or.00a199 American cities compared :bbasic data profiles for the nation's largest cities / aBurlington, Vt. (Box 1536, Burlington 05402) :bInformation Publications,cc1984. axi, 216 p. ;c23 cm. 0aCities and towns1 aGarwood, Alfred N.